Simple examples of reinforced concrete design.

Bibliographic Details
Main Author: Faber, Oscar, 1886-1956
Format: Book
Language:English
Published: London, New York : Oxford University Press, 1952.
Edition:4th ed.
Subjects:

MARC

Tag First Indicator Second Indicator Subfields
LEADER 00000cam a2200000 4500
001 in00000021250
005 20151007062241.0
008 770223s1952 enka 00000 eng
010 |a  53002247  
035 |a (OCoLC)02756933 
035 |9 AAD4343AM 
040 |a DLC  |c VYL  |d TXA  |d UtOrBLW 
049 |a TXAM  |c [218256] 
050 0 0 |a TA683  |b .F25 1952 
082 0 |a 624.177  |a 693.5 
092 |a 693.5  |b F115s4 
100 1 |a Faber, Oscar,  |d 1886-1956. 
245 1 0 |a Simple examples of reinforced concrete design. 
250 |a 4th ed. 
264 1 |a London,  |a New York :  |b Oxford University Press,  |c 1952. 
300 |a 90 pages :  |b illustrations ;  |c 23 cm. 
336 |a text  |b txt  |2 rdacontent 
337 |a unmediated  |b n  |2 rdamedia 
338 |a volume  |b nc  |2 rdacarrier 
650 0 |a Reinforced concrete construction. 
999 |a MARS 
999 f f |s dd2f75f7-1d78-3e2f-bb9b-ba382f21e3a2  |i 517922d2-d873-34f4-a17f-1812a9cb7f8c  |t 0 
952 f f |p ric  |a Texas A&M University  |b Rellis Campus  |c Joint Library Facility  |d Remote Storage  |t 0  |e TA683 .F25 1952  |h Library of Congress classification  |i unmediated -- volume  |m A14801140012 
998 f f |a TA683 .F25 1952  |t 0  |l Remote Storage